[Event "DVM U14w 2015"]
[Site "Magdeburg GER"]
[Date "2015.12.27"]
[Round "2"]
[White "Reinecke, Katharina"]
[Black "Fromm, Katja"]
[Result "1/2-1/2"]
[Termination "normal"]
[Board "1.1"]
[WhiteElo "1853"]
[BlackElo "1653"]
[WhiteTeam "SK Langen"]
[BlackTeam "Muldental Wilkau-Haßlau"]
[PlyCount "87"]
[WhiteFideId "12929727"]
[BlackFideId "12929409"]
[EventCountry "GER"]
[EventRounds "7"]
[EventType "team-swiss"]
[EventDate "2015.12.26"]

1. d4 Nf6 2. c4 e6 3. Nf3 d5 4. g3 dxc4 5. Bg2 Bd7 6. Ne5 Bc6 7. Nxc6 Nxc6 8.
Qa4 Qd7 9. Qxc4 Nd5 10. O-O O-O-O 11. e3 h5 12. Nc3 Nb6 13. Qe2 h4 14. Bd2 f5
15. Rac1 a6 16. a3 hxg3 17. fxg3 g5 18. b4 f4 19. b5 axb5 20. Nxb5 Kb8 21. gxf4
gxf4 22. Rxf4 e5 23. Rg4 exd4 24. Nxd4 Nxd4 25. Rxd4 Bd6 26. h4 Rdf8 27. Qg4
Qxg4 28. Rxg4 Bxa3 29. Rf1 Rxf1+ 30. Kxf1 Be7 31. Be1 Rf8+ 32. Ke2 Bf6 33. Rf4
Bg7 34. Rxf8+ Bxf8 35. Bg3 Bh6 36. h5 Nd7 37. Bf4 Bg7 38. h6 Bf6 39. h7 Ne5 40.
Kd2 b6 41. Bxe5 Bxe5 42. Bc6 Kc8 43. Kd3 Kd8 44. Ke4 1/2-1/2

[Event "DVM U14w 2015"]
[Site "Magdeburg GER"]
[Date "2015.12.27"]
[Round "2"]
[White "Böhle, Rebecca"]
[Black "Poetsch, Leonore"]
[Result "1/2-1/2"]
[Termination "normal"]
[Board "1.2"]
[WhiteElo "1472"]
[BlackElo "1790"]
[WhiteTeam "Muldental Wilkau-Haßlau"]
[BlackTeam "SK Langen"]
[PlyCount "101"]
[WhiteFideId "12963933"]
[BlackFideId "12940372"]
[EventCountry "GER"]
[EventRounds "7"]
[EventType "team-swiss"]
[EventDate "2015.12.26"]

1. e4 e6 2. d4 d5 3. e5 c5 4. Nf3 cxd4 5. Nxd4 Nc6 6. Bb5 Bd7 7. Nxc6 bxc6 8.
Bd3 c5 9. c4 Ne7 10. cxd5 exd5 11. b3 Nc6 12. O-O Be7 13. Bb2 O-O 14. Be2 d4
15. Bf3 Rb8 16. Re1 Bg5 17. Nd2 Re8 18. Nc4 Qc7 19. Qe2 Bf4 20. Bxc6 Bxc6 21.
Ba3 Bd5 22. Qg4 Bxc4 23. Qxf4 Qa5 24. Bxc5 Qxc5 25. bxc4 Rb2 26. Re4 Rd8 27.
Rd1 Rxa2 28. h3 d3 29. e6 fxe6 30. Rxe6 Rf8 31. Qe3 Qxe3 32. Rxe3 Rfxf2 33. Rg3
Rfd2 34. Rxd2 Rxd2 35. Rf3 a5 36. c5 a4 37. c6 Rc2 38. Rxd3 Rxc6 39. Ra3 Rc4
40. Kf2 Kf7 41. Rd3 Ke6 42. Ke3 Rc2 43. Ra3 Rxg2 44. Kf3 Rd2 45. Rxa4 Rd3+ 46.
Kg4 h5+ 47. Kh4 g6 48. Ra6+ Kf5 49. Rxg6 Rxh3+ 50. Kxh3 Kxg6 51. Kg3 1/2-1/2

[Event "DVM U14w 2015"]
[Site "Magdeburg GER"]
[Date "2015.12.27"]
[Round "2"]
[White "Flach, Helene"]
[Black "Von Jan, Lena"]
[Result "1/2-1/2"]
[Termination "normal"]
[Board "1.3"]
[WhiteElo "1785"]
[BlackElo "1424"]
[WhiteTeam "SK Langen"]
[BlackTeam "Muldental Wilkau-Haßlau"]
[PlyCount "57"]
[WhiteFideId "12929735"]
[BlackFideId "12946060"]
[EventCountry "GER"]
[EventRounds "7"]
[EventType "team-swiss"]
[EventDate "2015.12.26"]

1. e4 e5 2. Nf3 Nc6 3. Bc4 Bc5 4. Nc3 d6 5. d3 h6 6. Be3 Bb6 7. h3 Nf6 8. O-O
O-O 9. Bb3 Re8 10. Ne2 d5 11. Bxb6 axb6 12. Nc3 dxe4 13. dxe4 Be6 14. Re1 Bxb3
15. cxb3 Qe7 16. Nd5 Qd6 17. Nc3 Qe7 18. Qe2 Rad8 19. Rad1 Rxd1 20. Rxd1 Rd8
21. Qc4 Rxd1+ 22. Nxd1 Na5 23. Qd3 Nc6 24. Nc3 Kh8 25. a3 Kg8 26. b4 Nd7 27.
Nb5 Nf6 28. Nc3 Nd7 29. Nb5 1/2-1/2

[Event "DVM U14w 2015"]
[Site "Magdeburg GER"]
[Date "2015.12.27"]
[Round "2"]
[White "Dietzel, Emilie"]
[Black "Riegel, Arinna"]
[Result "0-1"]
[Termination "normal"]
[Board "1.4"]
[WhiteElo "1160"]
[BlackElo "1691"]
[WhiteTeam "Muldental Wilkau-Haßlau"]
[BlackTeam "SK Langen"]
[PlyCount "96"]
[WhiteFideId "16217144"]
[BlackFideId "12931446"]
[EventCountry "GER"]
[EventRounds "7"]
[EventType "team-swiss"]
[EventDate "2015.12.26"]

1. e4 d5 2. exd5 Qxd5 3. Nc3 Qe5+ 4. Be2 Bg4 5. d4 Bxe2 6. Ngxe2 Qa5 7. O-O Nf6
8. Be3 c6 9. Ng3 e6 10. a3 Qc7 11. Qe2 Nbd7 12. Rfd1 Be7 13. Nb1 Nd5 14. Bd2
O-O 15. c4 N5f6 16. Nc3 Rfe8 17. Be3 Nb6 18. c5 Nbd5 19. Nxd5 Nxd5 20. Bd2 Rab8
21. b4 b6 22. Be1 b5 23. Rdc1 Bf6 24. Qd3 Rbd8 25. Ne2 Nf4 26. Nxf4 Qxf4 27.
Rab1 Bxd4 28. Qe2 Rd5 29. Bd2 Qf6 30. Rc2 Red8 31. Ra2 Bxf2+ 32. Qxf2 Qxf2+ 33.
Kxf2 Rxd2+ 34. Rxd2 Rxd2+ 35. Kf1 Kf8 36. Ra1 Rd4 37. Ra2 e5 38. Re2 f6 39. Kf2
Kf7 40. Ra2 Ke6 41. Ke3 Kd5 42. Rc2 f5 43. g3 g5 44. Rf2 f4+ 45. gxf4 gxf4+ 46.
Kf3 h5 47. Rg2 Rd3+ 48. Ke2 f3+ 0-1

[Event "DVM U14w 2015"]
[Site "Magdeburg GER"]
[Date "2015.12.27"]
[Round "2"]
[White "Bui, Ngoc Han Julia"]
[Black "Rudolph, Eva"]
[Result "0-1"]
[Termination "normal"]
[Board "2.1"]
[WhiteElo "1600"]
[BlackElo "1562"]
[WhiteTeam "SV Dresden-Leuben"]
[BlackTeam "Düsseldorfer SK 14/25"]
[PlyCount "92"]
[WhiteFideId "12977055"]
[BlackFideId "16200594"]
[EventCountry "GER"]
[EventRounds "7"]
[EventType "team-swiss"]
[EventDate "2015.12.26"]

1. e4 e5 2. Nf3 d6 3. d4 exd4 4. Nxd4 Nf6 5. Bd3 Be7 6. O-O O-O 7. Nc3 Re8 8.
h3 h6 9. f4 a5 10. Kh1 Bf8 11. Qf3 Na6 12. Bd2 Nc5 13. Rae1 c6 14. a3 a4 15.
Bc4 Ne6 16. Nxe6 Bxe6 17. Bd3 Qb6 18. Nd1 Qc7 19. Bc3 Be7 20. Ne3 b5 21. e5
dxe5 22. Bxe5 Qb6 23. Bf5 c5 24. Rd1 Rad8 25. Rfe1 Bxf5 26. Nxf5 Bf8 27. Ne3 b4
28. Nc4 Qa6 29. Qf1 Qc6 30. Rxd8 Rxd8 31. Qe2 Nd5 32. f5 Re8 33. Qf2 Nf6 34.
Re2 Qa6 35. Bxf6 Rxe2 36. Qxe2 Qxf6 37. Qe5 Qg5 38. Kh2 Qd8 39. Qf4 Qd5 40. Ne3
Qd2 41. Qf3 Bd6+ 42. Kg1 Qe1+ 43. Nf1 Be5 44. c3 bxc3 45. bxc3 Bxc3 46. f6 Bxf6
0-1

[Event "DVM U14w 2015"]
[Site "Magdeburg GER"]
[Date "2015.12.27"]
[Round "2"]
[White "Paulweber, Lara Maria"]
[Black "Arnhold, Steffi"]
[Result "0-1"]
[Termination "normal"]
[Board "2.2"]
[WhiteElo "1404"]
[BlackElo "1574"]
[WhiteTeam "Düsseldorfer SK 14/25"]
[BlackTeam "SV Dresden-Leuben"]
[PlyCount "152"]
[WhiteFideId "12954411"]
[BlackFideId "12931365"]
[EventCountry "GER"]
[EventRounds "7"]
[EventType "team-swiss"]
[EventDate "2015.12.26"]

1. d4 Nf6 2. Nf3 e6 3. Bf4 b6 4. e3 Bb7 5. Bd3 Ne4 6. Nbd2 Nf6 7. c3 d6 8. Qc2
Nbd7 9. O-O Be7 10. h3 O-O 11. Ne4 Rc8 12. Rfe1 Re8 13. Rad1 Nf8 14. Qb1 Ng6
15. Nxf6+ Bxf6 16. Be4 d5 17. Bc2 c5 18. Bg3 Kh8 19. Rd2 cxd4 20. exd4 Ba6 21.
Bd3 Bxd3 22. Qxd3 Be7 23. Ne5 Nxe5 24. Bxe5 Bd6 25. Qg3 Bxe5 26. Qxe5 Qc7 27.
Qxc7 Rxc7 28. Re3 Rb8 29. Rg3 b5 30. a3 a5 31. Rdd3 g6 32. Rgf3 Kg7 33. Kf1 b4
34. axb4 axb4 35. cxb4 Rxb4 36. b3 Rc2 37. Rfe3 Rb2 38. f4 Kf6 39. g4 h5 40.
gxh5 gxh5 41. Re5 R2xb3 42. Rxb3 Rxb3 43. Rxh5 Rf3+ 44. Ke2 Rxf4 45. Ke3 Re4+
46. Kd3 Kg6 47. Rh8 f5 48. h4 Kg7 49. Rh5 f4 50. Re5 Rxe5 51. dxe5 Kh6 52. Ke2
Kh5 53. Kf3 Kxh4 54. Kxf4 Kh5 55. Ke3 Kg5 56. Kd4 Kf5 57. Kd3 Kxe5 58. Ke3 d4+
59. Kd3 Kd5 60. Ke2 e5 61. Kd3 e4+ 62. Kd2 Kc4 63. Kc2 e3 64. Kc1 Kc3 65. Kd1
d3 66. Ke1 Kc2 67. Kf1 d2 68. Ke2 d1=Q+ 69. Kxe3 Qd3+ 70. Kf4 Qe2 71. Kf5 Kd3
72. Kf6 Kd4 73. Kg5 Qf3 74. Kg6 Ke5 75. Kg5 Qg3+ 76. Kh6 Kf6 0-1

[Event "DVM U14w 2015"]
[Site "Magdeburg GER"]
[Date "2015.12.27"]
[Round "2"]
[White "Wong, Kar Yan"]
[Black "Sokolowski, Judith"]
[Result "1/2-1/2"]
[Termination "normal"]
[Board "2.3"]
[WhiteElo "1590"]
[BlackElo "1217"]
[WhiteTeam "SV Dresden-Leuben"]
[BlackTeam "Düsseldorfer SK 14/25"]
[PlyCount "60"]
[WhiteFideId "12971855"]
[BlackFideId "16200624"]
[EventCountry "GER"]
[EventRounds "7"]
[EventType "team-swiss"]
[EventDate "2015.12.26"]

1. e4 c5 2. Nf3 e6 3. d4 cxd4 4. Nxd4 a6 5. Nc3 Qc7 6. a3 Nf6 7. Be2 Be7 8. O-O
O-O 9. Kh1 d6 10. f4 b5 11. Qe1 Bb7 12. Bf3 Rd8 13. Qg3 Bf8 14. f5 e5 15. Nb3
Nbd7 16. Bg5 Rac8 17. Rac1 Be7 18. Bh6 Bf8 19. Be3 Nb6 20. Nd2 d5 21. exd5
Nbxd5 22. Nxd5 Bxd5 23. Bxd5 Rxd5 24. Bg5 Be7 25. Bxf6 Bxf6 26. Ne4 Qe7 27. Qf3
Rd7 28. g4 h6 29. c3 Rcd8 30. Rcd1 Rxd1 1/2-1/2

[Event "DVM U14w 2015"]
[Site "Magdeburg GER"]
[Date "2015.12.27"]
[Round "2"]
[White "Kogan, Dina Rachel"]
[Black "Klemke, Kassandra"]
[Result "0-1"]
[Termination "normal"]
[Board "2.4"]
[WhiteElo "1200"]
[BlackElo "1157"]
[WhiteTeam "Düsseldorfer SK 14/25"]
[BlackTeam "SV Dresden-Leuben"]
[PlyCount "74"]
[WhiteFideId "16200608"]
[BlackFideId "16217128"]
[EventCountry "GER"]
[EventRounds "7"]
[EventType "team-swiss"]
[EventDate "2015.12.26"]

1. e4 e6 2. d4 d5 3. exd5 exd5 4. Nf3 Bd6 5. Bd3 c6 6. O-O Ne7 7. c4 O-O 8. Ng5
h6 9. Nf3 Bf5 10. Nc3 Nd7 11. cxd5 Bxd3 12. Qxd3 cxd5 13. Nh4 Nf6 14. Nf5 Bc7
15. Re1 Re8 16. Bd2 Qd7 17. Ng3 Rac8 18. Qb5 Qc6 19. Re2 Bb6 20. Rd1 Ng6 21.
Nf5 Qxb5 22. Nxb5 Rxe2 23. Kf1 Re6 24. Nfd6 Rb8 25. Nf5 Rd8 26. Bb4 Ne4 27. f3
a6 28. fxe4 axb5 29. e5 f6 30. Nd6 fxe5 31. dxe5 Rxe5 32. Nxb5 Rde8 33. g3 Re2
34. Nd6 R8e5 35. Bc3 Re7 36. Nf5 Rf2+ 37. Kg1 Rxf5+ 0-1

[Event "DVM U14w 2015"]
[Site "Magdeburg GER"]
[Date "2015.12.27"]
[Round "2"]
[White "Kublanov, Elizabeth"]
[Black "Weimert, Miriam"]
[Result "0-1"]
[Termination "normal"]
[Board "3.1"]
[WhiteElo "1414"]
[BlackElo "1694"]
[WhiteTeam "SG Solingen"]
[BlackTeam "SF Sasbach"]
[PlyCount "120"]
[WhiteFideId "12944564"]
[BlackFideId "12966703"]
[EventCountry "GER"]
[EventRounds "7"]
[EventType "team-swiss"]
[EventDate "2015.12.26"]

1. d4 Nf6 2. Nf3 d5 3. e3 c6 4. b3 Bf5 5. Bb2 e6 6. Bd3 Bg6 7. O-O Bd6 8. c4
O-O 9. Ne5 Nbd7 10. f4 Ne4 11. Nc3 Ndf6 12. Qc2 Bf5 13. Nf3 c5 14. Nh4 Ng4 15.
Nxf5 exf5 16. Nxd5 Re8 17. h3 Ngf6 18. Nxf6+ Nxf6 19. Bxf5 Rxe3 20. d5 h6 21.
Qf2 Re8 22. Qg3 Kh8 23. Qh4 Be7 24. Rae1 Ng8 25. Qh5 Bf6 26. Bxf6 Qxf6 27. Rxe8
Rxe8 28. Bd3 Qd4+ 29. Kh2 Qxd3 30. Rf3 Qg6 31. Qh4 Re2 32. Rg3 Qf6 33. Qg4 Rd2
34. a3 a5 35. Rf3 Qg6 36. Qxg6 fxg6 37. Re3 Rb2 38. Rg3 Kh7 39. Re3 Nf6 40. Rd3
Kg8 41. d6 Nd7 42. Re3 Rd2 43. Re8+ Kh7 44. Ra8 b6 45. Rc8 Rxd6 46. Rd8 Rd3 47.
h4 g5 48. hxg5 hxg5 49. g3 gxf4 50. gxf4 Kg6 51. Kg2 Kf5 52. Kf2 Kxf4 53. Ke2
Rd4 54. Rg8 g5 55. Rg7 Rd6 56. Rf7+ Nf6 57. Re7 Ne4 58. Rf7+ Rf6 59. Rh7 g4 60.
Rh4 Kg3 0-1

[Event "DVM U14w 2015"]
[Site "Magdeburg GER"]
[Date "2015.12.27"]
[Round "2"]
[White "Lohrmann, Tabea"]
[Black "Berelowitsch, Dana"]
[Result "1/2-1/2"]
[Termination "normal"]
[Board "3.2"]
[WhiteElo "1657"]
[BlackElo "1399"]
[WhiteTeam "SF Sasbach"]
[BlackTeam "SG Solingen"]
[PlyCount "95"]
[WhiteFideId "12911941"]
[BlackFideId "12977144"]
[EventCountry "GER"]
[EventRounds "7"]
[EventType "team-swiss"]
[EventDate "2015.12.26"]

1. e4 e5 2. Nf3 Nf6 3. Nxe5 d6 4. Nf3 Nxe4 5. Nc3 Nxc3 6. dxc3 Be7 7. Be3 Be6
8. Qd2 Nc6 9. O-O-O Qd7 10. Kb1 O-O-O 11. h4 Kb8 12. Ng5 Bxg5 13. hxg5 Bf5 14.
Be2 Rhe8 15. Rhe1 Bg6 16. g4 Ne5 17. Rg1 f5 18. gxf5 Bxf5 19. f4 Ng4 20. Bxg4
Bxg4 21. Rde1 Bf5 22. c4 Qc6 23. Qa5 Bg6 24. Qxa7+ Kc8 25. Qd4 Re4 26. Qd5 Rxc4
27. Qe6+ Kb8 28. Qh3 Bxc2+ 29. Ka1 Qa4 30. Bd2 Rd4 31. Rg2 Be4 32. Rh2 Qc2 33.
Qe3 Ra4 34. Rh3 Bd5 35. a3 Qc4 36. Kb1 Qa2+ 37. Kc1 Qa1+ 38. Kc2 Rc4+ 39. Bc3
Qa2 40. Qe7 Rc8 41. Qxg7 Rxf4 42. Qxh7 Rf2+ 43. Bd2 Qc4+ 44. Rc3 Qd4 45. Rd3
Qc4+ 46. Rc3 Qd4 47. Rd3 Qc4+ 48. Rc3 1/2-1/2

[Event "DVM U14w 2015"]
[Site "Magdeburg GER"]
[Date "2015.12.27"]
[Round "2"]
[White "Kublanov, Carolin"]
[Black "Ehmann, Johanna"]
[Result "0-1"]
[Termination "normal"]
[Board "3.3"]
[WhiteElo "1607"]
[BlackElo "1689"]
[WhiteTeam "SG Solingen"]
[BlackTeam "SF Sasbach"]
[PlyCount "74"]
[WhiteFideId "12944548"]
[BlackFideId "12953130"]
[EventCountry "GER"]
[EventRounds "7"]
[EventType "team-swiss"]
[EventDate "2015.12.26"]

1. d4 d5 2. Nf3 e6 3. e3 Nf6 4. Bd3 c5 5. b3 Nc6 6. a3 cxd4 7. exd4 Qc7 8. O-O
Bd6 9. Bb2 O-O 10. Qe2 Re8 11. Ne5 Bxe5 12. dxe5 Nd7 13. f4 Qb6+ 14. Kh1 Nc5
15. Nd2 Nxd3 16. Qxd3 Bd7 17. c4 Ne7 18. Rf3 Bc6 19. Rh3 Nf5 20. cxd5 Bxd5 21.
Rf1 Red8 22. Qc2 Rac8 23. Nc4 Qa6 24. Rc3 Bxc4 25. Rc1 Nd4 26. Qe4 Nxb3 27. Re1
Bd5 28. Qb4 Rxc3 29. Bxc3 Qc4 30. Qe7 Rc8 31. Bb4 h6 32. Rd1 Qc2 33. Rg1 Bxg2+
34. Rxg2 Qd1+ 35. Rg1 Qd5+ 36. Rg2 Rc1+ 37. Be1 Rxe1# 0-1

[Event "DVM U14w 2015"]
[Site "Magdeburg GER"]
[Date "2015.12.27"]
[Round "2"]
[White "Schneider, Katharina"]
[Black "Möller, Laura"]
[Result "1-0"]
[Termination "normal"]
[Board "3.4"]
[WhiteElo "1155"]
[BlackElo "1696"]
[WhiteTeam "SF Sasbach"]
[BlackTeam "SG Solingen"]
[PlyCount "87"]
[WhiteFideId "16200519"]
[BlackFideId "12911720"]
[EventCountry "GER"]
[EventRounds "7"]
[EventType "team-swiss"]
[EventDate "2015.12.26"]

1. e4 c5 2. Nf3 Nc6 3. d4 cxd4 4. Nxd4 g6 5. Nc3 Bg7 6. Be3 Nf6 7. f3 e6 8. Bc4
d5 9. Bb5 Bd7 10. Nxc6 Bxc6 11. Bxc6+ bxc6 12. Qd2 O-O 13. O-O Re8 14. Bh6 Bh8
15. Rad1 Qb6+ 16. Kh1 Qxb2 17. Rb1 Qa3 18. Rb7 Rab8 19. Rfb1 Rxb7 20. Rxb7 Qa6
21. Rb1 Nd7 22. exd5 cxd5 23. Re1 Qa5 24. Nxd5 Qxa2 25. Nc7 Rd8 26. Be3 a5 27.
Bb6 a4 28. Nb5 Rb8 29. Qxd7 Rxb6 30. Qd8+ Kg7 31. Qxb6 Kh6 32. c4 Qxc4 33. Qe3+
g5 34. Nd6 e5 35. Nxc4 f6 36. h4 Bg7 37. hxg5+ fxg5 38. Nxe5 Bf8 39. Nf7+ Kg6
40. Nh8+ Kg7 41. Qxg5+ Kxh8 42. Re8 h6 43. Rxf8+ Kh7 44. Qg8# 1-0

[Event "DVM U14w 2015"]
[Site "Magdeburg GER"]
[Date "2015.12.27"]
[Round "2"]
[White "Rosenhain, Rachela"]
[Black "Oswald, Lena"]
[Result "1-0"]
[Termination "normal"]
[Board "4.1"]
[WhiteElo "1846"]
[BlackElo "1554"]
[WhiteTeam "Schachpinguine Berlin"]
[BlackTeam "SG Leipzig"]
[PlyCount "87"]
[WhiteFideId "12957615"]
[BlackFideId "12983314"]
[EventCountry "GER"]
[EventRounds "7"]
[EventType "team-swiss"]
[EventDate "2015.12.26"]

1. e4 c5 2. Nf3 Nc6 3. d4 cxd4 4. Nxd4 Nf6 5. Nc3 g6 6. Be3 Bg7 7. Be2 O-O 8.
O-O d6 9. f3 Nxd4 10. Bxd4 Be6 11. Qd2 a6 12. Rfd1 Rc8 13. Nd5 Bxd5 14. exd5
Qc7 15. c4 Qd7 16. Rac1 Qa4 17. Re1 h5 18. Bd3 Qd7 19. Qb4 Bh6 20. Rcd1 Qc7 21.
Bb6 Qb8 22. Rxe7 Rfe8 23. Rde1 Rxe7 24. Rxe7 Re8 25. Qe1 Rxe7 26. Qxe7 Bg7 27.
Kf1 Ne8 28. Bd8 Nf6 29. Bc7 Qe8 30. Bxd6 Qa4 31. Be2 Qxa2 32. Qxb7 Qa1+ 33. Kf2
Nh7 34. Qb8+ Nf8 35. Be5 Bxe5 36. Qxe5 Qa5 37. Qd4 Nd7 38. d6 Qb4 39. f4 a5 40.
g4 hxg4 41. Bxg4 Qb7 42. Bxd7 Qxd7 43. c5 a4 44. Qd5 1-0

[Event "DVM U14w 2015"]
[Site "Magdeburg GER"]
[Date "2015.12.27"]
[Round "2"]
[White "Fischer, Laura"]
[Black "Schnabel, Luise"]
[Result "0-1"]
[Termination "normal"]
[Board "4.2"]
[WhiteElo "1214"]
[BlackElo "1599"]
[WhiteTeam "SG Leipzig"]
[BlackTeam "Schachpinguine Berlin"]
[PlyCount "76"]
[WhiteFideId "16208935"]
[BlackFideId "12943347"]
[EventCountry "GER"]
[EventRounds "7"]
[EventType "team-swiss"]
[EventDate "2015.12.26"]

1. e4 c5 2. Nf3 d6 3. Bc4 Nf6 4. d3 e6 5. O-O a6 6. Bg5 Be7 7. Nc3 Nc6 8. Re1
h6 9. Bf4 O-O 10. e5 Ne8 11. d4 d5 12. Bb3 c4 13. Ba4 b5 14. Nxb5 axb5 15. Bxb5
Qb6 16. Bxc6 Qxc6 17. b3 Bb4 18. Re3 Nc7 19. c3 Be7 20. b4 Bd7 21. Nd2 Ra7 22.
Rg3 Kh7 23. Qg4 g6 24. h4 Rg8 25. Nf3 Nb5 26. h5 g5 27. Bd2 Ra3 28. Nh4 Qc8 29.
Nf3 f5 30. Qh3 g4 31. Qh2 gxf3 32. gxf3 Nxc3 33. Kf1 Bxb4 34. f4 Qf8 35. Rf3
Ne4 36. Bxb4 Qxb4 37. Rxa3 Qxa3 38. Ke1 Qc3+ 0-1

[Event "DVM U14w 2015"]
[Site "Magdeburg GER"]
[Date "2015.12.27"]
[Round "2"]
[White "Grey, Andrea"]
[Black "Fege, Astrid"]
[Result "1-0"]
[Termination "normal"]
[Board "4.3"]
[WhiteElo "1364"]
[BlackElo "1177"]
[WhiteTeam "Schachpinguine Berlin"]
[BlackTeam "SG Leipzig"]
[PlyCount "135"]
[WhiteFideId "12971880"]
[BlackFideId "16217152"]
[EventCountry "GER"]
[EventRounds "7"]
[EventType "team-swiss"]
[EventDate "2015.12.26"]

1. Nf3 d5 2. d4 Nc6 3. b3 Nf6 4. Bb2 Bf5 5. a3 e6 6. e3 Bd6 7. c4 Qd7 8. Nc3
O-O 9. c5 Be7 10. Bd3 Bg4 11. O-O e5 12. Be2 e4 13. Nd2 Bxe2 14. Qxe2 b6 15.
cxb6 axb6 16. b4 Na7 17. Nb3 Rac8 18. Rac1 c5 19. dxc5 bxc5 20. bxc5 Bxc5 21.
Nxc5 Rxc5 22. a4 Ng4 23. Ba3 Rxc3 24. Rxc3 Rb8 25. Bc5 Nc6 26. Rcc1 Ra8 27. Ra1
Nge5 28. Rfb1 Nd3 29. Bb6 Ndb4 30. a5 Qd6 31. Qd2 Qf6 32. Bd4 Qd8 33. Rxb4 Nxb4
34. Qxb4 Ra6 35. Qb5 Qc8 36. Qxd5 h6 37. Qc5 Qd8 38. g3 Qd7 39. Rc1 Ra8 40. Qb6
Qe7 41. a6 Qa3 42. Ra1 Qf8 43. a7 Qc8 44. Rb1 Kh7 45. Qb7 Qxb7 46. Rxb7 f6 47.
Rb8 Rxa7 48. Bxa7 Kg6 49. Kg2 h5 50. Re8 f5 51. Bd4 Kf7 52. Rh8 Kg6 53. Rg8 Kf7
54. Rxg7+ Ke6 55. Kh3 Kd5 56. Rc7 Kd6 57. Rc3 Ke6 58. Kh4 Kf7 59. Kxh5 Ke6 60.
Kg6 Kd5 61. h4 Ke6 62. h5 Kd5 63. h6 Ke6 64. h7 Kd5 65. h8=Q Ke6 66. Qe8+ Kd6
67. Rc6+ Kd5 68. Qd7# 1-0

[Event "DVM U14w 2015"]
[Site "Magdeburg GER"]
[Date "2015.12.27"]
[Round "2"]
[White "Walow, Xenia"]
[Black "Nguyen, Ha Thanh"]
[Result "1/2-1/2"]
[Termination "normal"]
[Board "5.1"]
[WhiteElo "1532"]
[BlackElo "1691"]
[WhiteTeam "SK Blauer Springer Paderborn 1926"]
[BlackTeam "SV Empor Erfurt"]
[PlyCount "44"]
[WhiteFideId "12971839"]
[BlackFideId "12942154"]
[EventCountry "GER"]
[EventRounds "7"]
[EventType "team-swiss"]
[EventDate "2015.12.26"]

1. d4 f5 2. Nf3 Nf6 3. Bf4 g6 4. e3 Bg7 5. h3 O-O 6. Be2 d6 7. O-O Qe8 8. Nbd2
Nc6 9. c3 a6 10. Qb3+ Kh8 11. Rfd1 e5 12. dxe5 dxe5 13. Bh2 Nd7 14. Qc2 Nb6 15.
Nc4 Nxc4 16. Bxc4 Be6 17. Bb3 b6 18. Rd2 Bxb3 19. Qxb3 Rd8 20. Rad1 Rxd2 21.
Rxd2 a5 22. Qd5 Rf7 1/2-1/2

[Event "DVM U14w 2015"]
[Site "Magdeburg GER"]
[Date "2015.12.27"]
[Round "2"]
[White "Kesselmeier, Olivia"]
[Black "Rieger, Lotta"]
[Result "0-1"]
[Termination "normal"]
[Board "5.3"]
[WhiteElo "1078"]
[BlackElo "1442"]
[WhiteTeam "SK Blauer Springer Paderborn 1926"]
[BlackTeam "SV Empor Erfurt"]
[PlyCount "70"]
[WhiteFideId "16211472"]
[BlackFideId "12964620"]
[EventCountry "GER"]
[EventRounds "7"]
[EventType "team-swiss"]
[EventDate "2015.12.26"]

1. c4 e5 2. Nc3 Nf6 3. g3 Be7 4. Bg2 d6 5. Nf3 Bf5 6. Nh4 Bc8 7. Nf3 Nbd7 8.
O-O O-O 9. e4 Nc5 10. d3 Bg4 11. h3 Bd7 12. Be3 Qc8 13. Kh2 c6 14. a3 Ne6 15.
b4 a6 16. Qe2 b5 17. d4 exd4 18. Nxd4 Nxd4 19. Bxd4 Be6 20. cxb5 axb5 21. e5
Bc4 22. Qe3 dxe5 23. Rfd1 exd4 24. Rxd4 Re8 25. a4 Bc5 26. Qd2 Bxd4 27. Qxd4
Rd8 28. Qf4 Nd5 29. Qd2 Nxb4 30. Qb2 Nd5 31. Nxd5 Bxd5 32. axb5 Rxa1 33. Qxa1
Bxg2 34. Kxg2 cxb5 35. Qb2 Qc6+ 0-1

[Event "DVM U14w 2015"]
[Site "Magdeburg GER"]
[Date "2015.12.27"]
[Round "2"]
[White "Geletzke, Hannah"]
[Black "Rust, Emily"]
[Result "1-0"]
[Termination "normal"]
[Board "5.4"]
[WhiteElo "1514"]
[BlackElo "910"]
[WhiteTeam "SV Empor Erfurt"]
[BlackTeam "SK Blauer Springer Paderborn 1926"]
[PlyCount "61"]
[WhiteFideId "12983330"]
[BlackFideId "16211499"]
[EventCountry "GER"]
[EventRounds "7"]
[EventType "team-swiss"]
[EventDate "2015.12.26"]

1. c4 d5 2. cxd5 Qxd5 3. Nc3 Qd8 4. g3 Nf6 5. Bg2 Be6 6. Nf3 Nd5 7. O-O Nxc3 8.
bxc3 Nc6 9. a4 Qd7 10. a5 Bh3 11. Qb3 b6 12. axb6 cxb6 13. Ng5 Bxg2 14. Qxf7+
Kd8 15. Kxg2 Kc7 16. Ne6+ Kb7 17. Nf4 Rd8 18. Qb3 e5 19. Ne6 Re8 20. Ng5 Kb8
21. Ne4 Ka8 22. Qxb6 Rb8 23. Qe3 Nd4 24. cxd4 exd4 25. Qf3 Bc5 26. Nxc5+ Qb7
27. Nxb7 Rxb7 28. Bb2 Rd8 29. Rfb1 h6 30. Bxd4 Rdb8 31. Rxa7# 1-0

[Event "DVM U14w 2015"]
[Site "Magdeburg GER"]
[Date "2015.12.27"]
[Round "2"]
[White "Kümmel, Tina"]
[Black "Du, Jessica"]
[Result "0-1"]
[Termination "normal"]
[Board "6.2"]
[WhiteElo "1371"]
[BlackElo "1188"]
[WhiteTeam "Cöthener FC Germania 03"]
[BlackTeam "SC Erlangen 48/88"]
[PlyCount "124"]
[WhiteFideId "12979368"]
[BlackFideId "12988529"]
[EventCountry "GER"]
[EventRounds "7"]
[EventType "team-swiss"]
[EventDate "2015.12.26"]

1. Nf3 d5 2. g3 e6 3. Bg2 Nf6 4. O-O Be7 5. d3 O-O 6. Nbd2 Nc6 7. e4 dxe4 8.
dxe4 e5 9. c3 Be6 10. Qc2 Re8 11. Nb3 Qc8 12. Re1 Bh3 13. Bh1 Nh5 14. Qe2 Nf4
15. Bxf4 exf4 16. Rad1 fxg3 17. fxg3 a5 18. Bg2 Bg4 19. Kh1 Bd6 20. Rf1 Qe6 21.
Rde1 Re7 22. Qf2 Rae8 23. Nfd4 Nxd4 24. cxd4 b6 25. Nc1 Bh3 26. a3 Bxg2+ 27.
Qxg2 Qg6 28. e5 c5 29. Qf2 Bb8 30. dxc5 Qc6+ 31. Kg1 Qxc5 32. Nd3 Qxf2+ 33.
Rxf2 Bxe5 34. Nxe5 Rxe5 35. Rxe5 Rxe5 36. Rc2 g6 37. Kf2 Kg7 38. Kf3 h5 39. Kf4
Re6 40. b4 axb4 41. axb4 f6 42. Kf3 g5 43. Rd2 Kg6 44. Rc2 f5 45. Rc4 Kf6 46.
Rc8 g4+ 47. Kf2 Kg5 48. Rc4 h4 49. Rd4 hxg3+ 50. hxg3 Re4 51. Rxe4 fxe4 52. Ke3
Kf5 53. Kd4 b5 54. Ke3 Ke5 55. Ke2 Kd4 56. Kd2 e3+ 57. Ke2 Ke4 58. Ke1 Kf3 59.
Kf1 Kxg3 60. Ke2 Kf4 61. Kf1 Kf3 62. Ke1 e2 0-1

[Event "DVM U14w 2015"]
[Site "Magdeburg GER"]
[Date "2015.12.27"]
[Round "2"]
[White "Strobel, Joanna"]
[Black "Buchheim, Luise"]
[Result "1/2-1/2"]
[Termination "normal"]
[Board "6.3"]
[WhiteElo "1023"]
[BlackElo "1112"]
[WhiteTeam "SC Erlangen 48/88"]
[BlackTeam "Cöthener FC Germania 03"]
[PlyCount "104"]
[WhiteFideId "16217217"]
[BlackFideId "16217179"]
[EventCountry "GER"]
[EventRounds "7"]
[EventType "team-swiss"]
[EventDate "2015.12.26"]

1. e4 e5 2. Nf3 Nc6 3. Bc4 Bc5 4. d3 h6 5. Be3 Bb6 6. O-O Nf6 7. Nc3 d6 8. h3
Be6 9. Bb3 Qe7 10. Nd5 Qd8 11. c4 O-O 12. Ba4 Bd7 13. Bb3 Nxd5 14. cxd5 Nd4 15.
Rc1 Nxb3 16. Qxb3 Qf6 17. Kh1 Rac8 18. Qd1 c6 19. dxc6 Bxc6 20. Nh2 Bd7 21. Nf3
Be6 22. a3 Rxc1 23. Bxc1 Rc8 24. Be3 d5 25. Qa4 d4 26. Bd2 Bxh3 27. Nh2 Be6 28.
f4 g6 29. Qb5 exf4 30. Rxf4 Qe7 31. Rf1 Kg7 32. Qe5+ f6 33. Qf4 g5 34. Qf3 Bc7
35. Bb4 Qf7 36. Ng4 Bxg4 37. Qxg4 Re8 38. Bc5 Bb6 39. b4 Bxc5 40. bxc5 Rf8 41.
Qf5 Qg6 42. g4 Qxf5 43. exf5 Rc8 44. Rc1 Kf7 45. Rc4 Ke7 46. Kg2 b6 47. c6 Rc7
48. Kf3 b5 49. Rc5 a6 50. Ke4 Kd6 51. Kxd4 Rxc6 52. Rd5+ Kc7 1/2-1/2